000 00605nam a2200193Ia 4500
003 GCL
008 140319s9999 xx 000 0 ara d
040 _aGCL /
_cGCL
082 0 4 _a189
_bم ف
100 1 _aمهدى عامل
245 1 0 _aفى علمية الفكر الخلدونى /
_cمهدى عامل
250 _aالسادسة
260 _aبيروت :
_bدار الفارابى ،
_c1990
300 _a176 ص ؛
_c24 سم
650 0 4 _aالفلسفة الاسلامية
650 0 4 _aالحركات الفكرية عند المسلمين
650 0 4 _aابن خلدون
942 _2ddc
_cBK
999 _c57356
_d57356